• 首页
  • 本馆介绍
  • 公告通知
  • 最新文献
  • 馆藏检索
  • 电子资源
  • 读者导购
  • 参考咨询
  • 我的图书馆
  • 登录
  • 详细信息显示
  • 放入我的书架
  • 预约/预借图书
  • 作者相关作品
  • 分类相关作品
  • 丛书相关作品
  • 出版社相关作品

书目信息

  • 表格格式
  • 工作单格式
  • 卡片格式
题名:
本能的缪斯
    
 
作者: 挪威让-罗尔·布约克沃尔德 ;王毅等毅
分册:  
出版信息: 上海   上海人民出版社  1997
页数: 341页
开本: 20cm
丛书名:
单 册:
中图分类: B506
科图分类:
主题词: 哲学--欧洲
电子资源:
ISBN: 7-208-02520-7
000 00655nam0 2200193 450
001 0728815141
005 20070819080015.14
010    @a7-208-02520-7@d¥18.00
100    @a20070819d km y0chiy0120 ea
101 0  @achi
200 1  @a本能的缪斯@Aben neng de miao si@f[挪威]让-罗尔.布约克沃尔德@F[nuo wei]rang-luo er.bu yue ke wo er de@g王毅等毅@Gwang yi deng yi
210    @a上海@c上海人民出版社@d1997
215    @a341页@d20cm
606 0  @a哲学@x欧洲
690    @aB506@v3
701  0 @a挪威让-罗尔·布约克沃尔德@Anuo wei rang-luo er·bu yue ke wo er de
702  0 @a王毅等毅@Awang yi deng yi
801  0 @aCN@bPFT@c20070819
905    @a213230@dB506@eZW278@f1
    
    本能的缪斯/[挪威]让-罗尔.布约克沃尔德/王毅等毅.-上海:上海人民出版社,1997
    341页;20cm
    
    
    ISBN 7-208-02520-7:¥18.00
    
●
相关链接 在E读中查询图书 在五车中查询图书 在当当中查询图书 在豆瓣中查询图书


正题名:本能的缪斯     索取号:B506/ZW278         预约/预借

序号 登录号 条形码 馆藏地/架位号 状态 备注
1 7600422   276004226   密集书库-文学院/ [索取号:B506/ZW278] 在馆    
唐山师范学院图书馆 欢迎您!
大连网信软件有限公司© 版权所有